Kien Tran's IELTS Handbook : Cẩm nang tự học IELTS

Nội dung sách giới thiệu về cách học ngữ pháp và những điều cần biết khi bạn muốn đạt được IELTS 8.5, hiểu rõ hơn những lỗi ngữ pháp và khắc phục chúng một cách đơn giản nhất. Cùng với kĩ năng học từ vựng, kĩ năng viết một cách nh...

সম্পূর্ণ বিবরণ

সংরক্ষণ করুন:
গ্রন্থ-পঞ্জীর বিবরন
প্রধান লেখক: Kiên Trần
বিন্যাস: গ্রন্থ
ভাষা:Undetermined
প্রকাশিত: Thành phố Hồ Chí Minh Thế Giới 2018
বিষয়গুলি:
ট্যাগগুলো: ট্যাগ যুক্ত করুন
কোনো ট্যাগ নেই, প্রথমজন হিসাবে ট্যাগ করুন!
Thư viện lưu trữ: Trung tâm Học liệu Trường Đại học Cần Thơ
LEADER 01113nam a2200241Ia 4500
001 CTU_226678
008 210402s9999 xx 000 0 und d
020 |c 90000 
082 |a 428.0076 
082 |b K305 
100 |a Kiên Trần 
245 0 |a Kien Tran's IELTS Handbook : 
245 0 |b Cẩm nang tự học IELTS 
245 0 |c Kiên Trần 
260 |a Thành phố Hồ Chí Minh 
260 |b Thế Giới 
260 |c 2018 
520 |a Nội dung sách giới thiệu về cách học ngữ pháp và những điều cần biết khi bạn muốn đạt được IELTS 8.5, hiểu rõ hơn những lỗi ngữ pháp và khắc phục chúng một cách đơn giản nhất. Cùng với kĩ năng học từ vựng, kĩ năng viết một cách nhanh chóng và hiệu quả. 
650 |a Tiếng Anh,English language 
650 |x Sổ tay, sách hướng dẫn, v.v.,Handbooks, manuals, etc. 
904 |i Nhi 
910 |b dqhieu 
980 |a Trung tâm Học liệu Trường Đại học Cần Thơ